000 01973nam0a2200409 4500
001 RU\NLR\bibl\1839160
005 20260407123632.0
010 _a978-5-904927-06-6
_9500
021 _aRU
_b2011-86939
_96205
035 _a(nilc)RSL-KNO-005073965
035 _a(NLR Aleph) 001829628
090 _a2119932
_c2119932
100 _a20111107d2011 |||y0rusy50 ca
101 0 _arus
102 _aRU
105 _ay |||||||||
200 1 _aКультовый предмет в современном музее: хранение, презентация, актуализация
_eнаучно-методический сборник
_fМ-во культуры Российской Федерации, Гос. музей истории религии
_g[редкол.: Л. А. Мусиенко (отв. ред.) и др.]
210 _aСанкт-Петербург
_cГос. музей истории религии
_d2011
215 _a217 с.
_cтабл.
_d19
320 _aБиблиогр. в прил.: с. 188-189 и в конце ст.
606 1 _aМузейная экспозиция
_jСборники
_9901884
_3RU\NLR\auth\667963
606 1 _aМузейные экспонаты
_jСборники
_xРеставрация
_91659264
_3RU\NLR\auth\66735034
606 1 _aМузейные экспонаты
_jСборники
_xХранение
_91659295
_3RU\NLR\auth\66735049
686 _aЭ1е(2)л613
_2rubbk
686 _aЧ771.446я43
686 _aЧ771.2я43
686 _aЧ771.46я43
702 1 _aМусиенко
_bЛ. А.
_4340
712 0 2 _4570
_aГосударственный музей истории религии
_cСанкт-Петербург
_3RU\NLR\AUTH\889963095
_9422490
801 0 _aRU
_bRuMoRKP
_c20111107
_grcr
801 1 _aRU
_bРГБ
_c20111107
801 2 _aRU
_bNLR
_c20111125
_grcr
942 _cBOOK
980 _aNB
980 _aNBR